<The> Environmental effects of agricultural land diversion schemes

Gespeichert in:
Bibliographische Detailangaben
Format: Buch
Sprache:Englisch
Veröffentlicht: Paris OECD 1997
Schlagworte:
Tags: Tag hinzufügen
Keine Tags, Fügen Sie das erste Tag hinzu!

MARC

LEADER 00000nam a2200000 4500
001 c117842
005 20221124074553.2
020 |a 92-64-15366-7 
041 0 |a eng 
044 |a FR 
245 1 0 |a <The> Environmental effects of agricultural land diversion schemes 
264 1 |a Paris  |b OECD  |c 1997 
300 |a 92 s. 
610 2 0 |a pôda poľnohospodárska 
610 2 0 |a pôdohospodárstvo 
610 2 0 |a environmentalistika